000 01316cam a22003614i 4500
001 197853
003 ES-MaACL
005 20251029063030.0
008 251001r20101918sp | |||| 001 0 spa
017 _aVA 234-2010
_bOficina Depósito Legal Valladolid
020 _a9788497617512
040 _aES-MaACL
_bspa
_cES-MaACL
_erdc
080 _a641.568(460)(083.12)
100 1 _aPardo Bazán, Emilia,
_cCondesa de,
_d1851-1921
_9176434
_eaut
245 1 3 _aLa cocina española moderna /
_c[Condesa de Pardo Bazán]
264 1 _aValladolid :
_bMaxtor,
_c[2010]
264 4 _a©2010
300 _aVIII, 412 páginas ;
_c15 cm
336 _2rdacontent
_atexto
337 _2rdamedia
_asin mediación
338 _2rdacarrier
_avolumen
500 _aÍndice
534 _pReproducción de la edición de:
_cMadrid : Sociedad Anónima Renacimiento, [1918].
_fBiblioteca de la Mujer
594 _aAutora (página VIII): Condesa de Pardo Bazán
650 7 _aCocina española
_vRecetas
_2embne
_9149305
852 _aES-MaACL
_cDEPO1
_jA-15821
_xEncuadernación rústica con solapas
_9206861
901 _aMON1008
942 _cMONOGRAFIA
_n0
956 _a2
999 _c197853
_d197853